| 000 | 00915nam a2200265Ia 4500 | ||
|---|---|---|---|
| 003 | OSt | ||
| 005 | 20220927111728.0 | ||
| 006 | a|||||r|||| 00| 0 | ||
| 007 | ta | ||
| 008 | 220926b |||||||| |||| 00| 0 eng d | ||
| 024 | _a70721 | ||
| 037 | _cReports | ||
| 040 |
_aRTL _cRTL _beng |
||
| 041 |
_2eng _aeng |
||
| 082 | _a"X81.2.N93t4, N4/GD" | ||
| 110 |
_a"India, Government of .... Reforms In The Insurance Sector (Committee on-) (1993) ( Chairman : R N Malhotra)" _9382589 |
||
| 245 | 0 | _aReport | |
| 260 |
_aDelhi _bManager Of Publication India _c1994 |
||
| 300 |
_a150p. _ccm. |
||
| 490 | _a"India, Finance (M/O-) Publication" | ||
| 650 |
_aInsurance _9382590 |
||
| 700 |
_a"India, Government of .... Reforms In The Insurance Sector (Committee on-) (1993) ( Chairman : R N Malhotra)" _9382591 |
||
| 942 |
_h"X81.2.N93t4, N4/GD" _cCC |
||
| 999 |
_c699453 _d699453 |
||